000
00322nam a2200145Ia 4500
008
150201s2008 xx 000 0 und d
082
_a
616.8
_b
P08B
100
_a
BYRNE,PETER
245
_a
PSYCHIATRY
250
_a
1ST
260
_b
WILEY BLACKWELL
_a
UK
_c
2008
300
_a
1-230
650
_a
PSYCHIATRY
942
_2
ddc
_c
BK
999
_c
570
_d
570